000
00281nam a2200121Ia 4500
008
220204s9999 xx 000 0 und d
082
_a
025.49
_b
RAN
100
_a
Ranganathan, S R
245
0
_a
Colon classification
250
_a
Ed.6
260
_a
Madras
_b
Asia
_c
1933
942
_c
BK
999
_c
20738
_d
20738